| 000 | 00509nam a22001817a 4500 | ||
|---|---|---|---|
| 999 |
_c4890 _d4890 |
||
| 003 | GBCCL | ||
| 005 | 20241126110529.0 | ||
| 008 | 171213b xxu||||| |||| 00| 0 eng d | ||
| 020 | _a1840301546 | ||
| 040 | _cgbc | ||
| 082 |
_a224.92092 _bLYL |
||
| 100 |
_aLyle, Denis _97508 |
||
| 245 |
_aYou can run but you can't hide: _bThe life of Jonah / _cDenis Lyle |
||
| 260 |
_bAmbassador publishers, _aNorthern Ireland: _c2004 |
||
| 300 |
_a140 p.; _c21 cm. |
||
| 650 |
_aJonah _vBiography _98898 |
||
| 942 |
_2ddc _cBK _020 |
||